01094nam a22003255i 4500001001400000003000400014005001700018008004100035015001500076020003800091040002900129082001500158100002600173245012200199264006400321264001100385300005800396336002100454337002500475338002300500490003600523500001900559500003800578650001900616650002100635650001700656650002100673650003800694830003600732vtls000870545PNM20190808114738.0190211t20182018my a e o000 0 eng  aM191-02362 a9789673449064qpaperbackcRM45.00 aBNMbengcBNMerdadPPAK04a571.642230 aHamdan Noor,eauthor.10aIntroductory Medical Physiology :bMembrane Potentials of Excitable Tissues when Stimulated.nMODULE 9 /cHamdan Noor 1aSerdang, Selangor :bUniversiti Putra Malaysia Press,c2018 4c©2018 ax, 82 pages :bcolour illustrations ;c18 cm x 23 cm. atext2rdacontent aunmediated2rdamedia avolume2rdacarrier1 aIntroductory Medical Physiology aIncludes index aIncludes questions and exercises 10aCell membranes20aCell interaction20aIon channels20aHuman physiology20aGovernment publicationszMalaysia 0aIntroductory medical physiology